Allocations of costs among purposes of the California State water project.

Bibliographic Details
Corporate Author: California. Department of Water Resources
Format: Serial
Language:English
Published: [Sacramento] : Resources Agency, State of California, Dept. of Water Resources.
Series:Bulletin (California. Department of Water Resources) ; no. 153.
Subjects:
Online Availability: Check for online availability

MARC

Tag First Indicator Second Indicator Subfields
LEADER 00000cas a2200000 4500
001 in00000990641
005 20150927160927.0
008 780125c19uu9999cauar1 s0uuua0eng d
010 |a  65063807  
022 0 |a 0591-0714 
035 |a (OCoLC)03578318 
035 |9 AEY5257AM 
040 |a NSD  |c NSD  |d DLC  |d m.c.  |d NST  |d NSD  |d TXA  |d UtOrBLW 
042 |a nsdp  |a lc 
043 |a n-us-ca 
049 1 |a TXA2 
050 0 0 |a HD1694.C2  |b C26a 
082 0 |a 338.4/3 
090 |a GB705.C2  |b A32 no. 153 
110 1 |a California.  |b Department of Water Resources. 
210 0 0 |a Alloc. costs among purp. Calif. State water proj. 
222 0 |a Allocations of costs among purposes of the California State water project 
245 1 0 |a Allocations of costs among purposes of the California State water project. 
264 1 |a [Sacramento] :  |b Resources Agency, State of California, Dept. of Water Resources. 
300 |a volumes ;  |c 29 cm. 
336 |a text  |b txt  |2 rdacontent 
337 |a unmediated  |b n  |2 rdamedia 
338 |a volume  |b nc  |2 rdacarrier 
490 1 |a Bulletin - State of California, Dept. of Water Resources 
650 0 |a Water resources development  |z California  |x Costs  |x Periodicals. 
760 0 |a California. Dept. of Water Resources.  |t Bulletin 
830 0 |a Bulletin (California. Department of Water Resources) ;  |v no. 153. 
999 |a MARS 
999 f f |s bc3472c7-c511-38e1-9944-6b14d8470faf  |i 22919ccc-6320-3092-a133-b8816a428958  |t 0 
952 f f |a Texas A&M University  |b Rellis Campus  |c Joint Library Facility  |d Remote Storage  |e GB705.C2 A32 no.153  |h Library of Congress classification  |i unmediated -- volume  |k no.153-68:  |l 1968:Feb.  |m A14852383703  |p ric  |s JLF  |t 0 
952 f f |a Texas A&M University  |b Rellis Campus  |c Joint Library Facility  |d Remote Storage  |e GB705.C2 A32 no.153  |h Library of Congress classification  |i unmediated -- volume  |k no.153-67:  |l 1966:Dec.  |m A14814770711  |p ric  |s JLF  |t 0 
952 f f |a Texas A&M University  |b Rellis Campus  |c Joint Library Facility  |d Remote Storage  |e GB705.C2 A32 no.153  |h Library of Congress classification  |i unmediated -- volume  |k no.153-66:  |l 1966:Jan.  |m A14814770761  |p ric  |s JLF  |t 0 
998 f f |a GB705.C2 A32 no.153  |s no.153-68:(1969:Feb.)  |t 0  |l Remote Storage